| 000 | 00783nam a22001577a 4500 | ||
|---|---|---|---|
| 003 | OSt | ||
| 005 | 20150921164658.0 | ||
| 008 | 150921b xxu||||| |||| 00| 0 eng d | ||
| 040 | _cRUA | ||
| 082 | _aAGR UNG 2008 B035 Or.1 | ||
| 100 |
_91043 _aUNG SOEUN |
||
| 245 | _aEffect of neem seed power on the pest of celery cabbage at crop station of royal university of agriculture,(ឥទ្ធិពលនៃកំហាប់ម្សៅគ្រាប់ស្ដៅលើសត្វល្អិតបំផ្លាញស្ពៃចង្កឹះ នៅស្ថានីយ៍ពិសោធន៍នៃសាកលវិទ្យាល័យភូមិន្ទកសិកម្ម) | ||
| 260 |
_aphnom penh _bRUA _c2008 |
||
| 300 |
_axi,70p. _cill. _g29cm. |
||
| 942 |
_2ddc _cAGR |
||
| 999 |
_c1004 _d1004 |
||